Ministrowie Spraw Wewnętrznych i Administracji III RP - Statystyki

Ogólne statystyki
  • Ten quiz został rozwiązany 13 razy
  • Średni wynik to 10 z 28
Statystyki odpowiedzi
Imię i Nazwisko Partia Czas Urzędowania Rząd Dodatkowe Informacje % Poprawnych
Marcin Kierwiński PO 2023 - 2024 Trzeci Rząd Tuska -
92%
Marcin Kierwiński PO 2025 - nadal Trzeci Rząd Tuska -
92%
Tomasz Siemoniak PO 2024 - 2025 Trzeci Rząd Tuska -
85%
Mariusz Błaszczak PiS 2015 - 2018 Rząd Szydło / Pierwszy Rząd Morawieckiego -
69%
Jerzy Miller PO 2009 - 2011 Pierwszy Rząd Tuska -
62%
Leszek Miller SLD 1997 - 1997 Rząd Cimoszewicza -
62%
Mariusz Kamiński PiS 2019 - 2023 Pierwszy i Drugi Rząd Morawieckiego -
54%
Grzegorz Schetyna PO 2007 - 2009 Pierwszy Rząd Tuska -
46%
Ludwik Dorn PiS 2005 - 2007 Rząd Marcinkiewicza / Kaczyńskiego -
46%
Rafał Trzaskowski PO 2013 - 2014 Drugi Rząd Tuska Jako Minister Administracji i Cyfryzacji
38%
Donald Tusk * PO 2009 - 2009 Pierwszy Rząd Tuska -
31%
Jerzy Szmajdziński * SLD 2004 - 2004 Rząd Millera -
31%
Józef Oleksy SLD 2004 - 2004 Rząd Millera -
31%
Marek Biernacki RS AWS 1999 - 2001 Rząd Buzka -
31%
Ryszard Kalisz SLD 2004 - 2005 Pierwszy i Drugi Rząd Belki -
31%
Andrzej Halicki PO 2014 - 2015 Rząd Kopacz Jako Minister Administracji i Cyfryzacji
23%
Bartłomiej Sienkiewicz PO 2013 - 2014 Drugi Rząd Tuska Jako Minister Spraw Wewnętrznych
23%
Elżbieta Witek PiS 2019 - 2019 Pierwszy Rząd Morawieckiego -
23%
Janusz Tomaszewski RS AWS 1997 - 1999 Rząd Buzka -
23%
Krzysztof Janik SLD 2001 - 2004 Rząd Millera -
23%
Janusz Kaczmarek PiS 2007 - 2007 Rząd Kaczyńskiego -
15%
Michał Boni PO 2011 - 2013 Drugi Rząd Tuska Jako Minister Administracji i Cyfryzacji
15%
Teresa Piotrowska PO 2014 - 2015 Rząd Kopacz Jako Minister Spraw Wewnętrznych
15%
Joachim Brudziński PiS 2018 - 2019 Pierwszy Rząd Morawieckiego -
8%
Jacek Cichocki PO 2011 - 2013 Drugi Rząd Tuska Jako Minister Spraw Wewnętrznych
0%
Janusz Pałubicki * RS AWS 1999 - 1999 Rząd Buzka -
0%
Paweł Szefernaker PiS 2023 - 2023 Trzeci Rząd Morawieckiego -
0%
Władysław Stasiak PiS 2007- 2007 Rząd Kaczyńskiego -
0%
Nie znaleziono quizów pasujących do podanych kryteriów
Rozkład punktacji
Procent ludzi z każdym wynikiem
Percentyl według liczby udzielonych odpowiedzi
Twoja historia wyników
Nie rozwiązałeś tego quizu